[Event "EU-Cup 26th"]
[Site "Plovdiv"]
[Date "2010.10.22"]
[Round "6.1"]
[White "Cobb, Charles"]
[Black "Wirig, Anthony"]
[Result "1/2-1/2"]
[WhiteElo "2396"]
[BlackElo "2477"]
[PlyCount "30"]
[EventDate "2010.10.17"]
[EventType "team-swiss"]
[EventRounds "7"]
[EventCountry "BUL"]
[SourceTitle "CBM 139"]
[Source "ChessBase"]
[SourceDate "2010.11.18"]
[SourceVersion "1"]
[SourceVersionDate "2010.11.18"]
[SourceQuality "1"]
[WhiteTeam "Cardiff"]
[BlackTeam "Dudelange"]
[WhiteTeamCountry "WLS"]
[BlackTeamCountry "LUX"]

1. c4 e5 2. Nc3 Nf6 3. Nf3 Nc6 4. e3 Bb4 5. Qc2 0-0 6. Nd5 Nxd5 7. cxd5 Ne7 8. Nxe5 Nxd5 9. a3 Qe7 10. Nf3 Bd6 11. Bc4 Nf6 12. 0-0 c6 13. d4 Bb8 14. Bd2 Re8 15. d5 cxd5 1/2-1/2

[Event "EU-Cup 26th"]
[Site "Plovdiv"]
[Date "2010.10.18"]
[Round "2.1"]
[White "Cobb, Charles"]
[Black "Ostenstad, Berge"]
[Result "0-1"]
[WhiteElo "2396"]
[BlackElo "2462"]
[PlyCount "72"]
[EventDate "2010.10.17"]
[EventType "team-swiss"]
[EventRounds "7"]
[EventCountry "BUL"]
[SourceTitle "CBM 139"]
[Source "ChessBase"]
[SourceDate "2010.11.18"]
[SourceVersion "1"]
[SourceVersionDate "2010.11.18"]
[SourceQuality "1"]
[WhiteTeam "Cardiff"]
[BlackTeam "Asker"]
[WhiteTeamCountry "WLS"]
[BlackTeamCountry "DEN"]

1. c4 g6 2. Nc3 c5 3. g3 Bg7 4. Bg2 Nc6 5. e3 Nh6 6. Nge2 Nf5 7. a3 0-0 8. 0-0 Rb8 9. Rb1 b6 10. b4 Bb7 11. d3 d6 12. b5 Ne5 13. e4 Nd4 14. Nxd4 cxd4 15. Ne2 Nd7 16. f4 f5 17. exf5 Bxg2 18. Kxg2 gxf5 19. Bb2 e5 20. Qd2 Nc5 21. Rbe1 Qd7 22. Nc1 a6 23. bxa6 b5 24. cxb5 Qxb5 25. Re2 Qxa6 26. fxe5 dxe5 27. Qc2 Rfc8 28. Qb1 Kh8 29. Ref2 Qe6 30. Kg1 Bh6 31. Re2 Be3+ 32. Kg2 f4 33. Rf3 fxg3 34. Rexe3 dxe3 35. Rxe3 Nd7 36. hxg3 Qf5 0-1

[Event "EU-Cup 25th"]
[Site "Ohrid"]
[Date "2009.10.07"]
[Round "4.1"]
[White "Miezis, Normunds"]
[Black "Cobb, Charles"]
[Result "1-0"]
[WhiteElo "2558"]
[BlackElo "2398"]
[PlyCount "76"]
[EventDate "2009.10.04"]
[EventType "team-swiss"]
[EventRounds "7"]
[EventCountry "MKD"]
[SourceTitle "CBM 133"]
[Source "ChessBase"]
[SourceDate "2009.11.19"]
[SourceVersion "1"]
[SourceVersionDate "2009.11.19"]
[SourceQuality "1"]
[WhiteTeam "Moss"]
[BlackTeam "Cardiff"]
[WhiteTeamCountry "NOR"]
[BlackTeamCountry "WLS"]

1. c4 e6 2. e4 d5 3. exd5 exd5 4. d4 Nf6 5. Nc3 Bb4 6. a3 Bxc3+ 7. bxc3 0-0 8. Bd3 b6 9. Ne2 Ba6 10. cxd5 Qxd5 11. 0-0 Bxd3 12. Qxd3 Nc6 13. Bf4 Rac8 14. Rfe1 Rfe8 15. Ng3 Rxe1+ 16. Rxe1 Re8 17. Re3 Qd7 18. h3 Rxe3 19. Bxe3 h6 20. c4 Na5 21. Bd2 Qa4 22. Bxa5 Qxa5 23. Kf1 Qa4 24. Nf5 Qd7 25. d5 Ne8 26. Nd4 Nd6 27. Nc6 a5 28. Qd4 Kh7 29. g4 h5 30. Qd3+ Kh6 31. Ne5 Qe7 32. Qe3+ Kh7 33. gxh5 Qh4 34. Qf3 f6 35. Ng4 Kg8 36. Kg2 Qg5 37. Qe3 Nxc4 38. Qe8+ Kh7 1-0

[Event "EU-Cup 25th"]
[Site "Ohrid"]
[Date "2009.10.04"]
[Round "1.1"]
[White "Cobb, Charles"]
[Black "Feygin, Michael"]
[Result "1/2-1/2"]
[WhiteElo "2398"]
[BlackElo "2546"]
[PlyCount "41"]
[EventDate "2009.10.04"]
[EventType "team-swiss"]
[EventRounds "7"]
[EventCountry "MKD"]
[SourceTitle "CBM 133"]
[Source "ChessBase"]
[SourceDate "2009.11.19"]
[SourceVersion "1"]
[SourceVersionDate "2009.11.19"]
[SourceQuality "1"]
[WhiteTeam "Cardiff"]
[BlackTeam "Eupen Rochade"]
[WhiteTeamCountry "WLS"]
[BlackTeamCountry "BEL"]

1. d4 e6 2. Nf3 c5 3. g3 cxd4 4. Nxd4 d5 5. Bg2 Nf6 6. 0-0 Nc6 7. c4 Be7 8. cxd5 exd5 9. Nc3 0-0 10. Be3 Bg4 11. Qa4 Qd7 12. Bxd5 Nxd4 13. Qxd4 Rad8 14. Rfd1 Qe8 15. f3 Bh3 16. Qxa7 Nxd5 17. Nxd5 Bd6 18. Rd2 Qe6 19. Rad1 Ra8 20. Qb6 Rxa2 21. b3 1/2-1/2

[Event "BCF-chT1b 0809 (4NCL)"]
[Site "England"]
[Date "2009.03.21"]
[Round "7.1"]
[White "Hunt, Adam"]
[Black "Cobb, Charles"]
[Result "0-1"]
[WhiteElo "2431"]
[BlackElo "2397"]
[PlyCount "84"]
[EventDate "2008.10.04"]
[EventType "team-tourn"]
[EventRounds "7"]
[EventCountry "ENG"]
[SourceTitle "EXT 2010"]
[Source "ChessBase"]
[SourceDate "2010.11.25"]
[SourceVersion "1"]
[SourceVersionDate "2010.11.25"]
[SourceQuality "1"]
[WhiteTeam "Betsson.com"]
[BlackTeam "Bristol"]
[WhiteTeamCountry "ENG"]
[BlackTeamCountry "ENG"]

1. e4 e6 2. d4 d5 3. Nc3 Nf6 4. Bg5 Bb4 5. e5 h6 6. Bd2 Bxc3 7. bxc3 Ne4 8. Qg4 Kf8 9. Bd3 Nxd2 10. Kxd2 c5 11. h4 Nc6 12. Rh3 c4 13. Bf1 b5 14. Ne2 a5 15. a3 Bd7 16. Nf4 Ne7 17. Nh5 Nf5 18. Qf4 b4 19. axb4 axb4 20. Rxa8 Qxa8 21. g4 b3 22. gxf5 Qa2 23. fxe6 Bxe6 24. Nxg7 Qxc2+ 25. Ke1 Bxh3 26. Bxh3 Qxc3+ 27. Ke2 Qxh3 28. Qf6 b2 29. Ne6+ Qxe6 30. Qxh8+ Ke7 31. Qb8 Qg4+ 32. Kf1 Qd1+ 33. Kg2 b1Q 34. Qd6+ Ke8 35. Qc6+ Kd8 36. Qd6+ Kc8 37. Qf8+ Kb7 38. Qxf7+ Ka6 39. Qe6+ Ka5 40. Qxd5+ Kb4 41. Qc5+ Kb3 42. Qb5+ Kc3 0-1

[Event "BCF-chT1b 0809 (4NCL)"]
[Site "England"]
[Date "2009.01.18"]
[Round "6.1"]
[White "Cobb, Charles"]
[Black "Summerscale, Aaron"]
[Result "1/2-1/2"]
[WhiteElo "2397"]
[BlackElo "2470"]
[PlyCount "38"]
[EventDate "2008.10.04"]
[EventType "team-tourn"]
[EventRounds "7"]
[EventCountry "ENG"]
[SourceTitle "EXT 2010"]
[Source "ChessBase"]
[SourceDate "2010.11.25"]
[SourceVersion "1"]
[SourceVersionDate "2010.11.25"]
[SourceQuality "1"]
[WhiteTeam "Bristol"]
[BlackTeam "Pride and Prejudice"]
[WhiteTeamCountry "ENG"]
[BlackTeamCountry "ENG"]

1. c4 f5 2. d4 Nf6 3. g3 g6 4. Bg2 Bg7 5. Nh3 0-0 6. 0-0 d6 7. d5 Na6 8. Nc3 Nc5 9. Qc2 e5 10. dxe6 c6 11. b3 Bxe6 12. Bb2 Qe7 13. Rad1 Rad8 14. e3 Ng4 15. Rfe1 Ne5 16. f4 Ng4 17. Nf2 Nxf2 18. Qxf2 Qc7 19. Nb1 Rfe8 1/2-1/2

[Event "BCF-chT2 0708 (4NCL)"]
[Site "Sunningdale"]
[Date "2008.01.13"]
[Round "6.2"]
[White "Gourlay, Iain"]
[Black "Cobb, Charles"]
[Result "1/2-1/2"]
[WhiteElo "2362"]
[BlackElo "2410"]
[PlyCount "53"]
[EventDate "2007.09.15"]
[EventType "team-tourn"]
[EventRounds "11"]
[EventCountry "ENG"]
[SourceTitle "EXT 2023"]
[Source "ChessBase"]
[SourceDate "2022.10.05"]
[SourceVersion "1"]
[SourceVersionDate "2022.10.05"]
[SourceQuality "1"]
[WhiteTeam "White Rose"]
[BlackTeam "Bristol"]
[WhiteTeamCountry "ENG"]
[BlackTeamCountry "ENG"]

1. Nf3 d5 2. g3 Bg4 3. Bg2 Nd7 4. c4 e6 5. cxd5 exd5 6. 0-0 Ngf6 7. d3 Be7 8. h3 Bxf3 9. Bxf3 c6 10. e4 Ne5 11. Bg2 dxe4 12. dxe4 0-0 13. Nc3 Qxd1 14. Rxd1 Rfd8 15. Bf4 Nd3 16. Be3 Nxb2 17. Rxd8+ Bxd8 18. Rb1 Nc4 19. Rxb7 Nxe3 20. fxe3 Bb6 21. e5 Bxe3+ 22. Kh2 Bd4 23. exf6 Bxc3 24. fxg7 Bd4 25. Bxc6 Rc8 26. Ba4 Bb6 27. Bb3 1/2-1/2

[Event "BCF-chT2 0708 (4NCL)"]
[Site "Sunningdale"]
[Date "2007.09.15"]
[Round "1"]
[White "Cobb, Charles"]
[Black "Ward, Christopher"]
[Result "1/2-1/2"]
[WhiteElo "2408"]
[BlackElo "2439"]
[PlyCount "81"]
[EventDate "2007.09.15"]
[EventType "team-tourn"]
[EventRounds "11"]
[EventCountry "ENG"]
[SourceTitle "CBM 120 Extra"]
[Source "ChessBase"]
[SourceDate "2007.11.01"]
[SourceVersion "1"]
[SourceVersionDate "2007.11.01"]
[SourceQuality "1"]
[WhiteTeam "Bristol"]
[BlackTeam "Pride and Prejudice"]
[WhiteTeamCountry "ENG"]
[BlackTeamCountry "ENG"]

1. c4 b6 2. d4 Bb7 3. Nf3 e6 4. g3 Bxf3 5. exf3 Nf6 6. Bg2 d5 7. 0-0 Be7 8. f4 0-0 9. f5 exf5 10. cxd5 Nxd5 11. Qf3 c6 12. Qxf5 Qd7 13. Qd3 Nb4 14. Qe2 Bf6 15. Nc3 Re8 16. Be3 a5 17. Rfd1 Nd5 18. Nxd5 cxd5 19. Rac1 Na6 20. Rc3 Nc7 21. a4 Ra7 22. Qc2 Na6 23. Qb3 Nb4 24. Rdc1 Qf5 25. h4 Rae7 26. Rc7 h6 27. Rxe7 Rxe7 28. Qc3 Re8 29. Qc7 Qe6 30. Bf1 g5 31. hxg5 Bxg5 32. Rc3 Qg6 33. Bxg5 hxg5 34. Qd7 Re1 35. Rc8+ Kg7 36. Qd8 Qh5 37. Qf8+ Kg6 38. Qg8+ Kf6 39. Qd8+ Kg7 40. Qf8+ Kf6 41. Qd8+ 1/2-1/2

[Event "South Wales op 4th"]
[Site "Caerleon"]
[Date "2007.07.12"]
[Round "9"]
[White "Wells, Peter K"]
[Black "Cobb, Charles"]
[Result "1-0"]
[WhiteElo "2517"]
[BlackElo "2408"]
[PlyCount "55"]
[EventDate "2007.07.07"]
[EventType "swiss"]
[EventRounds "9"]
[EventCountry "WLS"]
[SourceTitle "CBM 119 Extra"]
[Source "ChessBase"]
[SourceDate "2007.09.04"]
[SourceVersion "1"]
[SourceVersionDate "2007.09.04"]
[SourceQuality "1"]

1. d4 e6 2. c4 Nf6 3. Nf3 d5 4. g3 Bb4+ 5. Nc3 dxc4 6. Bg2 0-0 7. 0-0 Bd7 8. Ne5 Bc6 9. Nxc6 Nxc6 10. e3 e5 11. Qa4 Bxc3 12. bxc3 e4 13. Qxc4 Na5 14. Qa4 Qd5 15. f3 Rfe8 16. Rb1 b6 17. Rb5 Qd7 18. fxe4 a6 19. Rxa5 bxa5 20. Qxd7 Nxd7 21. e5 Rad8 22. Bc6 Re6 23. Bd5 Re7 24. Ba3 c5 25. Rb1 Ree8 26. Bc6 g6 27. Rb7 Re7 28. Bxc5 1-0

[Event "South Wales op 4th"]
[Site "Caerleon"]
[Date "2007.07.09"]
[Round "5"]
[White "Dunn, Andrew"]
[Black "Cobb, Charles"]
[Result "0-1"]
[WhiteElo "2204"]
[BlackElo "2408"]
[PlyCount "96"]
[EventDate "2007.07.07"]
[EventType "swiss"]
[EventRounds "9"]
[EventCountry "WLS"]
[SourceTitle "CBM 119 Extra"]
[Source "ChessBase"]
[SourceDate "2007.09.04"]
[SourceVersion "1"]
[SourceVersionDate "2007.09.04"]
[SourceQuality "1"]

1. d4 e6 2. Nf3 Nf6 3. c4 d5 4. Nc3 Nbd7 5. Bg5 c6 6. cxd5 exd5 7. e3 Be7 8. Qc2 0-0 9. Bd3 Re8 10. 0-0 Nf8 11. Ne5 N6d7 12. Bf4 Nxe5 13. Bxe5 Bd6 14. Bxd6 Qxd6 15. Rab1 Be6 16. b4 Rac8 17. Rfc1 g6 18. b5 c5 19. dxc5 Rxc5 20. Qd2 Rec8 21. Ne2 Nd7 22. Nd4 Ne5 23. Rxc5 Qxc5 24. Be2 Nc4 25. Bxc4 Qxc4 26. h3 Kf8 27. Qb2 Qc3 28. Qxc3 Rxc3 29. Rb3 Rxb3 30. Nxb3 Ke7 31. a4 Kd6 32. g4 a6 33. bxa6 bxa6 34. Kf1 Bd7 35. a5 Kc6 36. Ke2 Kb5 37. Kd3 Kb4 38. Nd2 Kxa5 39. Kd4 Be6 40. Kc5 Ka4 41. Nf3 a5 42. Nd4 Ka3 43. f4 a4 44. f5 gxf5 45. gxf5 Bxf5 46. Nxf5 Kb2 47. e4 dxe4 48. Nd6 a3 0-1

[Event "South Wales op 4th"]
[Site "Caerleon"]
[Date "2007.07.07"]
[Round "1"]
[White "Helbig, Paul"]
[Black "Cobb, Charles"]
[Result "0-1"]
[WhiteElo "2185"]
[BlackElo "2408"]
[PlyCount "80"]
[EventDate "2007.07.07"]
[EventType "swiss"]
[EventRounds "9"]
[EventCountry "WLS"]
[SourceTitle "CBM 119 Extra"]
[Source "ChessBase"]
[SourceDate "2007.09.04"]
[SourceVersion "1"]
[SourceVersionDate "2007.09.04"]
[SourceQuality "1"]

1. e4 e6 2. d4 d5 3. Nc3 Nf6 4. Bg5 Bb4 5. e5 h6 6. Bd2 Bxc3 7. bxc3 Ne4 8. Qg4 Kf8 9. h4 c5 10. Bd3 Nxd2 11. Kxd2 Nc6 12. Rh3 c4 13. Be2 b5 14. a3 a5 15. Rg3 Rg8 16. Nh3 Ne7 17. Nf4 Bd7 18. Rf3 Nf5 19. g3 b4 20. axb4 axb4 21. Rxa8 Qxa8 22. cxb4 Qa1 23. Rc3 Qb2 24. Bxc4 dxc4 25. Rxc4 Ke7 26. d5 Rc8 27. Nd3 Qa2 28. Rxc8 Bxc8 29. dxe6 fxe6 30. Qg6 Ba6 31. Nc5 Qd5+ 32. Kc1 Qxe5 33. Nxa6 Qa1+ 34. Kd2 Qxa6 35. g4 Qd6+ 36. Kc3 Qe5+ 37. Kb3 Nxh4 38. f4 Qd5+ 39. c4 Qf3+ 40. Ka4 Nxg6 0-1

[Event "BCF-chT 0607 (4NCL)"]
[Site "Sunningdale"]
[Date "2007.05.05"]
[Round "9.3"]
[White "Palliser, Richard"]
[Black "Cobb, Charles"]
[Result "1/2-1/2"]
[WhiteElo "2414"]
[BlackElo "2407"]
[PlyCount "39"]
[EventDate "2006.09.16"]
[EventType "team"]
[EventRounds "11"]
[EventCountry "ENG"]
[SourceTitle "EXT 2008"]
[Source "ChessBase"]
[SourceDate "2007.11.25"]
[SourceVersion "1"]
[SourceVersionDate "2007.11.25"]
[SourceQuality "1"]
[WhiteTeam "Barbican"]
[BlackTeam "Bristol"]
[WhiteTeamCountry "ENG"]
[BlackTeamCountry "ENG"]

1. d4 e6 2. c4 Nf6 3. Nc3 d5 4. cxd5 Nxd5 5. e4 Nxc3 6. bxc3 c5 7. Nf3 cxd4 8. cxd4 Bb4+ 9. Bd2 Bxd2+ 10. Qxd2 0-0 11. Bc4 b6 12. d5 Ba6 13. Bxa6 Nxa6 14. 0-0 Nc5 15. Rfe1 f5 16. exf5 Rxf5 17. dxe6 Qxd2 18. Nxd2 Re8 19. Nb3 Rxe6 20. Rxe6 1/2-1/2

[Event "BCF-chT 0607 (4NCL)"]
[Site "Sunningdale"]
[Date "2007.01.14"]
[Round "6.2"]
[White "Rendle, Thomas E"]
[Black "Cobb, Charles"]
[Result "1/2-1/2"]
[WhiteElo "2366"]
[BlackElo "2405"]
[PlyCount "82"]
[EventDate "2006.09.16"]
[EventType "team"]
[EventRounds "11"]
[EventCountry "ENG"]
[SourceTitle "EXT 2008"]
[Source "ChessBase"]
[SourceDate "2007.11.25"]
[SourceVersion "1"]
[SourceVersionDate "2007.11.25"]
[SourceQuality "1"]
[WhiteTeam "Slough Sharks"]
[BlackTeam "Bristol"]
[WhiteTeamCountry "ENG"]
[BlackTeamCountry "ENG"]

1. f4 d5 2. Nf3 g6 3. g3 Bg7 4. Bg2 Nh6 5. e3 0-0 6. d3 c6 7. 0-0 Qb6 8. c3 Bg4 9. h3 Bxf3 10. Qxf3 f5 11. Kh2 Nd7 12. e4 dxe4 13. dxe4 e5 14. Nd2 exf4 15. gxf4 fxe4 16. Qxe4 Rae8 17. Qc4+ Kh8 18. Nf3 Qc5 19. Qd3 Nb6 20. Ng5 Qc4 21. Qf3 Nf5 22. Ne4 Nh4 23. Qf2 Nf5 24. b3 Qd3 25. Ba3 Rf7 26. Rad1 Qa6 27. Bc5 Nd5 28. Ng5 Rc7 29. Rde1 Rcc8 30. Nf7+ Kg8 31. c4 Nde3 32. Bxe3 Kxf7 33. Bc5 b6 34. Rxe8 Rxe8 35. Bxc6 bxc5 36. Bxe8+ Kxe8 37. Qxc5 Qe6 38. Qxa7 Bd4 39. Qa8+ Kf7 40. Qd5 Qxd5 41. cxd5 Ke7 1/2-1/2

[Event "BCF-chT 0607 (4NCL)"]
[Site "Sunningdale"]
[Date "2006.11.12"]
[Round "4.2"]
[White "Cobb, Charles"]
[Black "Turner, Matthew"]
[Result "1/2-1/2"]
[WhiteElo "2410"]
[BlackElo "2489"]
[PlyCount "61"]
[EventDate "2006.09.16"]
[EventType "team"]
[EventRounds "11"]
[EventCountry "ENG"]
[SourceTitle "CBM 115 Extra"]
[Source "ChessBase"]
[SourceDate "2007.01.10"]
[SourceVersion "1"]
[SourceVersionDate "2007.01.10"]
[SourceQuality "1"]
[WhiteTeam "Bristol"]
[BlackTeam "Wood Green"]
[WhiteTeamCountry "ENG"]
[BlackTeamCountry "ENG"]

1. d4 Nf6 2. c4 g6 3. Nc3 Bg7 4. e4 d6 5. Nf3 0-0 6. Be2 e5 7. dxe5 dxe5 8. Qxd8 Rxd8 9. Bg5 c6 10. Nxe5 Re8 11. 0-0-0 Na6 12. Rd6 Be6 13. f4 h6 14. Bh4 g5 15. fxg5 hxg5 16. Bxg5 Nc5 17. Bxf6 Bxf6 18. Nd3 Be7 19. Nxc5 Bxd6 20. Nxb7 Bb4 21. a3 Bxc3 22. bxc3 Rab8 23. Nc5 Bc8 24. Rd1 Kg7 25. Rd6 Rb6 26. a4 a5 27. Bf3 f5 28. Nd7 Rb7 29. Nc5 Rb6 30. Nd7 Rb7 31. Nc5 1/2-1/2

[Event "BCF-chT 0607 (4NCL)"]
[Site "Sunningdale"]
[Date "2006.11.11"]
[Round "3.2"]
[White "Quillan, Gary"]
[Black "Cobb, Charles"]
[Result "0-1"]
[WhiteElo "2344"]
[BlackElo "2410"]
[PlyCount "80"]
[EventDate "2006.09.16"]
[EventType "team"]
[EventRounds "11"]
[EventCountry "ENG"]
[SourceTitle "EXT 2008"]
[Source "ChessBase"]
[SourceDate "2007.11.25"]
[SourceVersion "1"]
[SourceVersionDate "2007.11.25"]
[SourceQuality "1"]
[WhiteTeam "NW Eagles"]
[BlackTeam "Bristol"]
[WhiteTeamCountry "ENG"]
[BlackTeamCountry "ENG"]

1. e4 e6 2. d4 d5 3. Nd2 Nf6 4. e5 Nfd7 5. c3 c5 6. Bd3 Nc6 7. Ne2 cxd4 8. cxd4 f6 9. exf6 Nxf6 10. 0-0 Bd6 11. Nf3 Qc7 12. Bg5 0-0 13. Rc1 Ng4 14. Ng3 Qb6 15. Bc2 Qxb2 16. Rb1 Qxa2 17. Bd2 Rxf3 18. gxf3 Nxd4 19. Bc3 Qxc2 20. Qxd4 Ne5 21. Kg2 Qd3 22. Qxd3 Nxd3 23. Nh5 Nf4+ 24. Nxf4 Bxf4 25. Rfe1 b6 26. Be5 Bxe5 27. Rxe5 Kf7 28. Rc1 Ke7 29. Rg5 g6 30. f4 Bd7 31. Kf3 a5 32. Ke3 b5 33. Kd4 Kd6 34. Rgg1 Rf8 35. Ke3 b4 36. Rb1 Rb8 37. Rb2 a4 38. Ra1 b3 39. Kd3 Bb5+ 40. Kc3 Rf8 0-1

[Event "EU-Cup 22nd"]
[Site "Fuegen"]
[Date "2006.10.11"]
[Round "4.1"]
[White "Cobb, Charles"]
[Black "Hausrath, Daniel"]
[Result "0-1"]
[WhiteElo "2410"]
[BlackElo "2529"]
[PlyCount "124"]
[EventDate "2006.10.08"]
[EventType "team-swiss"]
[EventRounds "7"]
[EventCountry "AUT"]
[SourceTitle "CBM 115"]
[Source "ChessBase"]
[SourceDate "2006.11.15"]
[SourceVersion "1"]
[SourceVersionDate "2006.11.15"]
[SourceQuality "1"]
[WhiteTeam "Cardiff"]
[BlackTeam "Echternach Sprenger"]
[WhiteTeamCountry "WLS"]
[BlackTeamCountry "LUX"]

1. d4 Nf6 2. c4 Nc6 3. Nf3 e6 4. Nc3 Bb4 5. Qc2 d6 6. a3 Bxc3+ 7. Qxc3 0-0 8. e3 Re8 9. b4 e5 10. Bb2 Bg4 11. d5 Ne7 12. Nd2 a5 13. f3 Bd7 14. Be2 c6 15. dxc6 bxc6 16. 0-0 d5 17. Nb3 axb4 18. axb4 Rb8 19. Nc5 Nf5 20. Kh1 Bc8 21. e4 d4 22. Qd2 Ne3 23. Rfe1 Nh5 24. Bf1 Qh4 25. Kg1 Nf4 26. Bc1 Nc2 27. g3 Nxe1 28. Qxe1 Nh3+ 29. Kg2 Qh5 30. g4 Qg6 31. Kxh3 h5 32. Be2 d3 33. Bd1 Rd8 34. Bd2 Rd4 35. Kg3 hxg4 36. fxg4 Rxc4 37. h3 Rd4 38. Qe3 Be6 39. Ra3 Qf6 40. Qf2 Qe7 41. Bc3 Rdd8 42. Nxe6 Qxe6 43. Bb3 Qe7 44. Ra7 Rb7 45. Ra5 d2 46. Rxe5 Qf8 47. Qf3 Rbd7 48. Rg5 Rd3 49. Bxg7 Qxg7 50. Rxg7+ Kxg7 51. Bd1 Rxf3+ 52. Kxf3 Kf6 53. h4 Ke5 54. Ke3 f6 55. g5 fxg5 56. hxg5 Rd6 57. g6 Rxg6 58. Kxd2 Kd4 59. e5 Rg2+ 60. Be2 Kxe5 61. Kd3 Rxe2 62. Kxe2 Ke4 0-1

[Event "EU-Cup 22nd"]
[Site "Fuegen"]
[Date "2006.10.08"]
[Round "1.1"]
[White "Ruck, Robert"]
[Black "Cobb, Charles"]
[Result "1/2-1/2"]
[WhiteElo "2526"]
[BlackElo "2410"]
[PlyCount "153"]
[EventDate "2006.10.08"]
[EventType "team-swiss"]
[EventRounds "7"]
[EventCountry "AUT"]
[SourceTitle "CBM 115"]
[Source "ChessBase"]
[SourceDate "2006.11.15"]
[SourceVersion "1"]
[SourceVersionDate "2006.11.15"]
[SourceQuality "1"]
[WhiteTeam "Eynatten"]
[BlackTeam "Cardiff"]
[WhiteTeamCountry "BEL"]
[BlackTeamCountry "WLS"]

1. Nf3 d5 2. d4 Nf6 3. c4 e6 4. Nc3 Nbd7 5. Bf4 dxc4 6. e3 Nd5 7. Bxc4 Nxf4 8. exf4 Bd6 9. g3 Nb6 10. Bd3 Nd5 11. Ne4 Bd7 12. 0-0 Bc6 13. Qe2 0-0 14. Rfd1 Nf6 15. Nc5 Qe7 16. Rac1 Bd5 17. a3 c6 18. Nd2 Rac8 19. Nf1 b6 20. Ne4 Rfd8 21. Nxf6+ Qxf6 22. Ne3 Bf8 23. Ng4 Qe7 24. Ne5 g6 25. Be4 c5 26. dxc5 Rxc5 27. Rxc5 Qxc5 28. Bxd5 exd5 29. f5 Re8 30. fxg6 hxg6 31. b4 Qd6 32. f4 f6 33. Qb5 Qe6 34. Nd3 Qe3+ 35. Nf2 Kg7 36. Rxd5 Re7 37. Qd3 Qe1+ 38. Kg2 Re2 39. Rd7+ Be7 40. Qf3 a5 41. f5 gxf5 42. Rb7 axb4 43. axb4 Kg6 44. h4 Qd2 45. h5+ Kg5 46. Rb8 Rxf2+ 47. Qxf2 Qxf2+ 48. Kxf2 Bxb4 49. Kf3 Bd6 50. Rxb6 Be5 51. Rb7 Kxh5 52. Rg7 Kh6 53. Rg8 Kh7 54. Ra8 Kg6 55. Ke2 Kh6 56. Kf3 Kg6 57. Kg2 Kh6 58. Kh3 Kg6 59. Kh4 Kh6 60. Rg8 Kh7 61. Ra8 Kg6 62. Ra3 Kh6 63. Rd3 Kg6 64. Rf3 Ba1 65. Kh3 Be5 66. Rb3 Kg5 67. Rb5 Kg6 68. Kh4 Kh6 69. Kh3 Kg5 70. Rb4 Kg6 71. Kg2 Kg5 72. Kf3 Kg6 73. Rh4 Kg5 74. Rh8 Kg6 75. Ke3 Kg7 76. Rh4 Bxg3 77. Ra4 1/2-1/2

[Event "South Wales op 3rd"]
[Site "Caerleon"]
[Date "2006.07.13"]
[Round "8.5"]
[White "Cobb, Charles"]
[Black "Helbig, Paul"]
[Result "1/2-1/2"]
[WhiteElo "2403"]
[BlackElo "2184"]
[PlyCount "82"]
[EventDate "2006.07.08"]
[EventType "swiss"]
[EventRounds "9"]
[EventCountry "WLS"]
[SourceTitle "CBM 113 Extra"]
[Source "ChessBase"]
[SourceDate "2006.09.14"]
[SourceVersion "1"]
[SourceVersionDate "2006.09.14"]
[SourceQuality "1"]

1. d4 Nf6 2. Nf3 g6 3. c4 Bg7 4. Nc3 0-0 5. e4 d6 6. Be2 e5 7. dxe5 dxe5 8. Qxd8 Rxd8 9. Bg5 Re8 10. 0-0-0 Bg4 11. Nd5 Nxd5 12. cxd5 c6 13. h3 Bxf3 14. Bxf3 cxd5 15. exd5 Nd7 16. d6 e4 17. Bg4 Re5 18. Bf4 Rc5+ 19. Kb1 Rd8 20. Rc1 Rc6 21. Rxc6 bxc6 22. Bxd7 Rxd7 23. Rc1 g5 24. Bxg5 Rxd6 25. Be3 Bh6 26. Bxh6 Rxh6 27. Re1 Rg6 28. g3 Rf6 29. Re2 Rf3 30. b4 f5 31. Rc2 e3 32. fxe3 Rxg3 33. Rxc6 Rxe3 34. Rf6 Re5 35. Kc2 Kg7 36. Ra6 Re7 37. b5 f4 38. Ra4 Rb7 39. Rxf4 Rxb5 40. Ra4 a5 41. Kc3 Rh5 1/2-1/2

[Event "South Wales op 3rd"]
[Site "Caerleon"]
[Date "2006.07.11"]
[Round "6.1"]
[White "Cobb, Charles"]
[Black "Barsov, Alexei"]
[Result "1/2-1/2"]
[WhiteElo "2403"]
[BlackElo "2546"]
[PlyCount "35"]
[EventDate "2006.07.08"]
[EventType "swiss"]
[EventRounds "9"]
[EventCountry "WLS"]
[SourceTitle "CBM 113 Extra"]
[Source "ChessBase"]
[SourceDate "2006.09.14"]
[SourceVersion "1"]
[SourceVersionDate "2006.09.14"]
[SourceQuality "1"]

1. d4 d5 2. c4 e6 3. Nc3 Bb4 4. cxd5 exd5 5. Nf3 Ne7 6. a3 Bxc3+ 7. bxc3 0-0 8. e3 b6 9. Be2 Ba6 10. Bxa6 Nxa6 11. 0-0 c5 12. a4 Re8 13. Ba3 Nc6 14. dxc5 Nxc5 15. Bxc5 bxc5 16. Qd3 c4 17. Qf5 Ne7 18. Qh5 1/2-1/2

[Event "South Wales op 3rd"]
[Site "Caerleon"]
[Date "2006.07.09"]
[Round "2.5"]
[White "Cobb, Charles"]
[Black "Marusenko, Petr"]
[Result "1-0"]
[WhiteElo "2403"]
[BlackElo "2351"]
[PlyCount "56"]
[EventDate "2006.07.08"]
[EventType "swiss"]
[EventRounds "9"]
[EventCountry "WLS"]
[SourceTitle "CBM 113 Extra"]
[Source "ChessBase"]
[SourceDate "2006.09.14"]
[SourceVersion "1"]
[SourceVersionDate "2006.09.14"]
[SourceQuality "1"]

1. c4 c6 2. d4 d5 3. Nf3 Nf6 4. e3 Bf5 5. Nc3 e6 6. Nh4 Be4 7. f3 Bg6 8. Qb3 Qc7 9. Bd2 Bd6 10. 0-0-0 Nbd7 11. cxd5 exd5 12. e4 dxe4 13. Nxg6 hxg6 14. fxe4 Bf4 15. e5 Nd5 16. Bxf4 Nxf4 17. Bc4 Nb6 18. Rhf1 Nxc4 19. Rxf4 b5 20. Ne4 f5 21. Nd2 0-0-0 22. Nxc4 bxc4 23. Qxc4 Rxh2 24. Qe6+ Kb8 25. Qxg6 c5 26. Kb1 cxd4 27. Qg3 d3 28. Qf3 Qc2+ 1-0